000 00692nam a2200157Ia 4500
003 GCL
008 140319s9999 xx 000 0 ara d
040 _aGCL /
_cGCL
082 0 4 _aق
_b913.031
_bم د
100 1 _aمايسة محمود
245 1 0 _aالمؤرخ المصرى: دراسات وبحوث تاريخية محكمة ع 5: دراسة اثرية وفنية لقطعة ذهبية نادرة من النقود فى صقلية بمجموعة المتحف الاسلامى القاهرة /
_cمايسة محمود
490 _aالهيئة العامة للاستعلامات
_v0
650 0 4 _aالاثار
650 0 4 _aصقلية - الاثار الاسلامية
942 _2ddc
_cBK
999 _c51648
_d51648